Vibration analysis for electronic equipment / (Record no. 175516)
[ view plain ]
| 000 -LEADER | |
|---|---|
| fixed length control field | 01292 a2200229 4500 |
| 003 - CONTROL NUMBER IDENTIFIER | |
| control field | Nust |
| 005 - DATE AND TIME OF LATEST TRANSACTION | |
| control field | 20220811173950.0 |
| 010 ## - LIBRARY OF CONGRESS CONTROL NUMBER | |
| LC control number | 88018764 |
| 020 ## - INTERNATIONAL STANDARD BOOK NUMBER | |
| International Standard Book Number | 0471633011 |
| 040 ## - CATALOGING SOURCE | |
| Transcribing agency | Nust |
| 082 00 - DEWEY DECIMAL CLASSIFICATION NUMBER | |
| Classification number | 621.381,STE |
| 100 1# - MAIN ENTRY--PERSONAL NAME | |
| Personal name | Steinberg, Dave S., |
| 9 (RLIN) | 66706 |
| 245 10 - TITLE STATEMENT | |
| Title | Vibration analysis for electronic equipment / |
| Statement of responsibility, etc. | Dave S. Steinberg. |
| 250 ## - EDITION STATEMENT | |
| Edition statement | 2nd ed. |
| 260 ## - PUBLICATION, DISTRIBUTION, ETC. | |
| Place of publication, distribution, etc. | New York : |
| Name of publisher, distributor, etc. | Wiley, |
| Date of publication, distribution, etc. | c1988. |
| 300 ## - PHYSICAL DESCRIPTION | |
| Extent | xix, 443 p. : |
| Other physical details | ill. ; |
| Dimensions | 25 cm. |
| 505 ## - FORMATTED CONTENTS NOTE | |
| Formatted contents note | Introduction (Page-1), Vibrations of Simple Electronic (Page-20), Lumped Masses For Electronic Assemblies (Page-.44), Beam Structures for Electronic Subassemblies (Page-66), Electronic Components, Frames and Rings (Page-87), Printed Circuits Boards and Flat Plates (Page-130), Preventing Sinusoidal Vibration Failure (Page-173), Understanding Random Vibration (Page-206), Designing foe Stock environments (Page-275), Designing Electronic Boxes (Page-328), Vibration Fixtures and Vibration Testing (Page-371), Fatigue in Electronic Structures (Page-395). |
| 650 #0 - SUBJECT ADDED ENTRY--TOPICAL TERM | |
| Topical term or geographic name entry element | Telecommunication Engineering. |
| 856 42 - ELECTRONIC LOCATION AND ACCESS | |
| Materials specified | Publisher description |
| Uniform Resource Identifier | <a href="http://www.loc.gov/catdir/enhancements/fy0607/88018764-d.html">http://www.loc.gov/catdir/enhancements/fy0607/88018764-d.html</a> |
| 856 42 - ELECTRONIC LOCATION AND ACCESS | |
| Materials specified | Table of contents only |
| Uniform Resource Identifier | <a href="http://www.loc.gov/catdir/enhancements/fy0607/88018764-t.html">http://www.loc.gov/catdir/enhancements/fy0607/88018764-t.html</a> |
| 942 ## - ADDED ENTRY ELEMENTS (KOHA) | |
| Koha item type | Reference |
| Source of classification or shelving scheme | |
| Withdrawn status | Lost status | Source of classification or shelving scheme | Damaged status | Not for loan | Permanent Location | Current Location | Shelving location | Date acquired | Full call number | Barcode | Date last seen | Price effective from | Koha item type | Public note |
|---|---|---|---|---|---|---|---|---|---|---|---|---|---|---|
| Military College of Signals (MCS) | Military College of Signals (MCS) | Reference | 12/12/2016 | 621.381,STE | MCS20685 | 12/08/2016 | 12/12/2016 | Reference | Almirah No.21, Shelf No.2 |
